000 00300nam a2200121 a 4500
008 101022s1970|||| d
100 1 _aLavreňov, Boris
245 1 0 _aSmrť generála Adamova
260 _bSlovenský spisovateľ
_aBratislava
_c1970
020 _c13
041 _aslo
044 _axo
_cSK
999 _c12013
_d12013